[Event "Women's Speed Chess Q7"]
[Site "chess.com INT"]
[Date "2021.06.06"]
[Round "21"]
[White "Nurmanova, Alua"]
[Black "Pandey, Srishti"]
[Result "0-1"]
[WhiteTitle "WFM"]
[BlackTitle "WFM"]
[WhiteElo "2093"]
[BlackElo "2026"]
[WhiteFideId "13729390"]
[BlackFideId "35093290"]
[EventDate "2021.06.06"]

1. e4 e6 2. d4 d5 3. Nc3 Bb4 4. e5 c5 5. a3 Bxc3+ 6. bxc3 Ne7 7. Qg4 Qc7 8. Qxg7
Rg8 9. Qxh7 cxd4 10. Qd3 dxc3 11. Ne2 Nbc6 12. f4 d4 13. Nxd4 Nxd4 14. Qxd4 Bd7
15. Qf2 Bc6 16. Be3 Be4 17. Rg1 a6 18. g4 Nd5 19. Bd4 O-O-O 20. Bg2 Bxg2 21.
Rxg2 Qc6 22. Rd1 Rd7 23. Kf1 Qc4+ 24. Qe2 Qxe2+ 25. Rxe2 Rxg4 26. Rd3 Nxf4 27.
Rxc3+ Kb8 28. Rd2 Nd5 29. Rf3 Re4 30. c4 Nb6 31. Bxb6 Rxd2 32. Rxf7 Kc8 33. Rf8+
Kd7 34. Rd8+ Kc6 35. Rxd2 Kxb6 36. Rc2 Rxe5 37. Kf2 Rh5 38. Kg3 Kc5 39. Kg4 Rh8
40. h4 Kd4 41. h5 e5 42. Kg5 e4 43. Rh2 e3 44. h6 Kxc4 45. Kf4 Kd3 46. Kf3 e2
47. h7 Rxh7 48. Rxe2 Rf7+ 49. Kg4 Kxe2 0-1

[Event "Women's Speed Chess Q7"]
[Site "chess.com INT"]
[Date "2021.06.06"]
[Round "21"]
[White "Bodnaruk, Anastasia"]
[Black "Shuvalova, Polina"]
[Result "1-0"]
[WhiteTitle "IM"]
[BlackTitle "IM"]
[WhiteElo "2446"]
[BlackElo "2489"]
[WhiteFideId "4181751"]
[BlackFideId "24171760"]
[EventDate "2021.06.06"]

1. e4 c6 2. Nf3 g6 3. d4 Bg7 4. Nc3 d5 5. e5 Bg4 6. Be2 e6 7. h3 Bxf3 8. Bxf3 c5
9. Ne2 cxd4 10. Nxd4 Ne7 11. Qe2 Nbc6 12. Nxc6 Nxc6 13. Bf4 Qb6 14. O-O-O O-O
15. Kb1 Rac8 16. c3 Rfd8 17. Ka1 d4 18. Bxc6 Rxc6 19. cxd4 Rxd4 20. Be3 Rxd1+
21. Rxd1 Qc7 22. f4 h5 23. Kb1 Bf8 24. g4 hxg4 25. hxg4 Qe7 26. Rh1 Qb4 27. Qh2
Qe4+ 28. Ka1 Bg7 29. Bd2 Rc2 30. Qh7+ Kf8 31. Bc3 b5 32. f5 Qf4 33. a3 Bxe5 34.
fxe6 Bxc3 35. bxc3 Rxc3 36. Qh8+ Ke7 37. Qxc3 Qe4 38. Rc1 fxe6 39. Qc5+ Kf7 40.
Qxb5 Qe3 41. Qc5 Qb3 42. Qc7+ Kf6 43. Qc3+ Qxc3+ 44. Rxc3 Kg5 45. Rc4 Kh4 46.
Ra4 g5 47. Kb2 e5 48. Kc3 Kg3 49. Kd3 Kf3 50. Re4 a6 51. Rxe5 Kxg4 52. Ra5 Kf4
53. Rxa6 g4 54. Rg6 1-0

[Event "Women's Speed Chess Q7"]
[Site "chess.com INT"]
[Date "2021.06.06"]
[Round "21"]
[White "Mkrtchian, Lilit"]
[Black "Golubenko, Valentina"]
[Result "1-0"]
[WhiteTitle "IM"]
[BlackTitle "WGM"]
[WhiteElo "2388"]
[BlackElo "2209"]
[WhiteFideId "13300601"]
[BlackFideId "4501993"]
[EventDate "2021.06.06"]

1. e4 e6 2. d4 d5 3. Nc3 Nf6 4. Bg5 Be7 5. e5 Nfd7 6. Bxe7 Qxe7 7. f4 O-O 8. Nf3
a6 9. Qd2 c5 10. dxc5 Nxc5 11. O-O-O Nc6 12. Bd3 Nxd3+ 13. cxd3 b5 14. Kb1 b4
15. Ne2 Bd7 16. Rc1 Rfc8 17. Ned4 Nxd4 18. Nxd4 a5 19. Rxc8+ Rxc8 20. Rc1 Qd8
21. g3 Qb6 22. Rxc8+ Bxc8 23. Qc2 Ba6 24. Nb3 a4 25. Nc5 Bb5 26. Kc1 a3 27. b3
Qc6 28. d4 g6 29. Qd2 h5 30. Qxb4 Be2 31. Qxa3 Qb5 32. Qa4 Qb6 33. Kb2 Kg7 34.
Kc3 h4 35. Qb4 Qa7 36. a4 hxg3 37. hxg3 Qe7 38. Qb7 Qe8 39. b4 Qh8 40. Nxe6+ Kh6
41. Qxf7 Qc8+ 42. Nc7 Qg4 43. Qf8+ Kh7 44. Qf7+ Kh6 45. Ne6 Qxg3+ 46. Kb2 Qg1
47. Qg7+ Kh5 48. Qh7+ 1-0

[Event "Women's Speed Chess Q7"]
[Site "chess.com INT"]
[Date "2021.06.06"]
[Round "21"]
[White "Cori T., Deysi"]
[Black "Buksa, Nataliya"]
[Result "1-0"]
[WhiteTitle "WGM"]
[BlackTitle "IM"]
[WhiteElo "2388"]
[BlackElo "2413"]
[WhiteFideId "3801934"]
[BlackFideId "14123622"]
[EventDate "2021.06.06"]

1. Nf3 d5 2. d4 Nf6 3. c4 e6 4. e3 Be7 5. Nbd2 b6 6. Bd3 Bb7 7. O-O Nbd7 8. Qc2
c5 9. b3 dxc4 10. bxc4 O-O 11. Bb2 Rc8 12. d5 exd5 13. cxd5 Bxd5 14. e4 c4 15.
exd5 cxd3 16. Qxd3 Nc5 17. Qe2 Nxd5 18. Rfd1 Bf6 19. Nf1 Nf4 20. Qc2 Qe7 21.
Bxf6 Qxf6 22. Ng3 Ncd3 23. Qb3 Ne5 24. Ne4 Qg6 25. Ng3 Nxf3+ 26. Qxf3 Ne6 27. h4
h6 28. h5 Qc2 29. Nf5 Ng5 30. Qg4 Rc5 31. Ne3 Qe4 32. Qg3 Rc3 33. Rd7 a5 34.
Rad1 Qe6 35. Rd8 Rxd8 36. Rxd8+ Kh7 37. Qb8 Rc1+ 38. Kh2 g6 39. hxg6+ Kxg6 40.
Rd6 Kg7 41. Rxe6 Nxe6 42. Qxb6 Rc5 43. Qb2+ Kg6 44. g3 Rh5+ 45. Kg2 Rg5 46. Qc2+
Kg7 47. Qe4 h5 48. Nf5+ Kf6 49. Nh4 Ke7 50. f4 Rg4 51. Nf5+ Kf6 52. Qe5+ Kg6 53.
Ne7+ Kh7 54. Qxh5+ Kg7 55. Qxg4+ Kf8 56. Nf5 Ke8 1-0

[Event "Women's Speed Chess Q7"]
[Site "chess.com INT"]
[Date "2021.06.06"]
[Round "21"]
[White "Belenkaya, Dina"]
[Black "Nandhidhaa, P V"]
[Result "1-0"]
[WhiteTitle "WGM"]
[BlackTitle "WGM"]
[WhiteElo "2341"]
[BlackElo "2365"]
[WhiteFideId "24142654"]
[BlackFideId "5050847"]
[EventDate "2021.06.06"]

1. e4 c5 2. Nc3 e6 3. g3 Nc6 4. Bg2 d6 5. Nge2 Nf6 6. d3 Be7 7. O-O O-O 8. f4
Rb8 9. h3 Bd7 10. g4 b5 11. g5 Ne8 12. Ng3 b4 13. Nce2 Nd4 14. Be3 e5 15. f5
Bxg5 16. Bf2 Bh4 17. Nxd4 cxd4 18. Qf3 h6 19. Nh5 Bxf2+ 20. Rxf2 Nf6 21. Ng3 Rc8
22. h4 Qe7 23. Bh3 Rc7 24. Rg2 Rfc8 25. Rc1 Bb5 26. Nh5 Nxh5 27. Qxh5 Qf6 28.
Qf3 Bc6 29. Qg3 d5 30. Kh2 dxe4 31. Rcg1 exd3 32. Qxg7+ Qxg7 33. Rxg7+ Kf8 34.
cxd3 Ke7 35. f6+ Kxf6 36. Bxc8 Rxc8 37. Rh7 Bd5 38. Rxh6+ Ke7 39. Ra6 Rc2+ 40.
Kg3 Rxb2 41. Rxa7+ Ke6 42. Ra6+ Ke7 43. Ra5 Bxa2 44. Rxe5+ Be6 45. h5 Rb3 46.
Rd1 Rc3 47. h6 Kf6 48. Rh5 Kg6 49. h7 Kxh5 50. h8=Q+ Kg6 51. Qxd4 Rc2 52. Kf3
Rc3 53. Rg1+ 1-0

[Event "Women's Speed Chess Q7"]
[Site "chess.com INT"]
[Date "2021.06.06"]
[Round "21"]
[White "Nanditha, V"]
[Black "Ziegenfuss, Antonia"]
[Result "1/2-1/2"]
[WhiteTitle "WCM"]
[BlackTitle "WFM"]
[WhiteElo "1666"]
[BlackElo "2157"]
[WhiteFideId "46626697"]
[BlackFideId "12962554"]
[EventDate "2021.06.06"]

1. e4 c5 2. Nf3 e6 3. g3 Nc6 4. Bg2 d5 5. exd5 exd5 6. O-O Nf6 7. Re1+ Be7 8. d4
O-O 9. Bg5 h6 10. Bxf6 Bxf6 11. c3 cxd4 12. Nxd4 Nxd4 13. cxd4 Be6 14. Nc3 a6
15. Rb1 b5 16. a3 Rc8 17. Ne2 Bf5 18. Rc1 Qb6 19. h3 Rxc1 20. Qxc1 Bxd4 21. Nxd4
Qxd4 22. Rd1 Qb6 23. Rxd5 Be6 24. Rd2 Rc8 25. Qd1 Qc5 26. Be4 g6 27. Kh2 Qc1 28.
Qe2 Kg7 29. Bf3 Rc4 30. Qe3 Rc2 31. Rxc2 Qxc2 32. Qe5+ Kh7 33. Kg2 Qf5 34. Qxf5
Bxf5 35. Bb7 a5 36. Ba6 b4 37. axb4 axb4 38. g4 Be6 39. Kg3 Kg7 40. h4 Kf6 41.
f4 Ke7 42. Bb5 Kd6 43. Kf3 Kc5 44. Be8 Kd4 45. f5 gxf5 46. gxf5 Bxf5 47. Bxf7
Kd3 48. Kf4 Bh7 49. Ke5 Kc2 50. b3 Kb2 51. Kf6 Bc2 52. Kg7 Bxb3 53. Bh5 Bc2 54.
Kxh6 Kc3 55. Bf7 b3 56. Bxb3 Kxb3 57. Kg7 Kc4 58. h5 Kd5 59. h6 Ke6 60. Kg8 Kf6
61. Kh8 Kf7 62. h7 Bxh7 1/2-1/2

[Event "Women's Speed Chess Q7"]
[Site "chess.com INT"]
[Date "2021.06.06"]
[Round "21"]
[White "Fominykh, Maria"]
[Black "Nikolova, Adriana"]
[Result "1-0"]
[WhiteTitle "WGM"]
[BlackTitle "WGM"]
[WhiteElo "2206"]
[BlackElo "2243"]
[WhiteFideId "4142411"]
[BlackFideId "2908689"]
[EventDate "2021.06.06"]

1. d4 d5 2. c4 c6 3. Nf3 Nf6 4. Nc3 dxc4 5. a4 Bf5 6. e3 e6 7. Bxc4 Bb4 8. O-O
Nbd7 9. Nh4 Bg4 10. f3 Bh5 11. g4 Nd5 12. Ng2 Bg6 13. Bd2 h5 14. e4 Nxc3 15.
bxc3 Ba5 16. Nf4 Nf8 17. Qe2 hxg4 18. fxg4 Qh4 19. Nxg6 Nxg6 20. Rf2 Bc7 21.
Raf1 O-O-O 22. e5 Rd7 23. Rxf7 Rxf7 24. Rxf7 Bd8 25. Bxe6+ Kb8 26. Rxg7 Nf8 27.
Bf5 Be7 28. Qf2 Qh3 29. Rxe7 Ng6 30. Rg7 Nh4 31. Be4 Rd8 32. e6 Re8 33. Qg3+
Qxg3+ 34. hxg3 Nf3+ 35. Bxf3 a6 36. Bf4+ Ka7 37. e7 Kb6 38. Be4 Ka5 39. Bg6 Rxe7
40. Rxe7 b5 41. axb5 cxb5 42. Ra7 Ka4 43. Rxa6+ Kb3 44. Rb6 Kc4 45. Rxb5 Kxb5
46. d5 Kc4 47. d6 Kd5 48. d7 Ke6 49. c4 Ke7 50. d8=Q+ Kxd8 51. c5 Kd7 52. Be4
Ke6 53. c6 Ke7 54. Bf5 Kd8 55. c7+ Ke7 56. c8=Q Kf6 57. Qe6+ Kg7 58. Be5+ Kf8
59. Qd6+ Kf7 60. Bg6+ Kg8 61. Qd8# 1-0

[Event "Women's Speed Chess Q7"]
[Site "chess.com INT"]
[Date "2021.06.06"]
[Round "21"]
[White "Koridze, Lile"]
[Black "Potapova, Margarita"]
[Result "0-1"]
[WhiteTitle "WFM"]
[BlackTitle "WIM"]
[WhiteElo "2016"]
[BlackElo "2260"]
[WhiteFideId "13612514"]
[BlackFideId "14126869"]
[EventDate "2021.06.06"]

1. d4 Nf6 2. c4 e6 3. Nf3 d5 4. g3 dxc4 5. Bg2 c5 6. O-O Nc6 7. Qa4 Bd7 8. Qxc4
Rc8 9. dxc5 Qa5 10. Be3 Be7 11. Nc3 O-O 12. Rac1 Rfd8 13. a3 Nd5 14. Nxd5 exd5
15. Qxd5 Be6 16. Qe4 Bf6 17. Qb1 g6 18. Ng5 Bf5 19. Qa2 Rf8 20. Bd5 Rc7 21. Bf4
Re7 22. Nf3 Rd8 23. Bd6 Red7 24. b4 Qa6 25. Bc4 Qa4 26. Rfd1 h5 27. Bb3 Qb5 28.
Bc4 Qa4 29. e3 Kg7 30. Bd5 Qb5 31. Nd4 Nxd4 32. exd4 Rxd6 33. cxd6 Rxd6 34. Bxf7
Bh3 35. Bc4 Qd7 36. Bf1 Bg4 37. Be2 Be6 38. Bc4 Bf5 39. Bd5 Rxd5 40. Rc5 Rd6 41.
Rdc1 Qe6 42. Rc7+ Kh6 43. Qb2 Bg5 44. Rd1 Qe4 45. d5 Bf6 46. Qd2+ g5 47. Qd3
Qxd3 48. Rxd3 Bxd3 49. Rxb7 Rxd5 50. Rxa7 Kg6 51. Kg2 Be4+ 52. f3 Bf5 53. Kf1
Rd2 54. Ra5 Ra2 55. Ke1 Bd3 56. Kd1 Bc3 57. Ra6+ Bxa6 58. Kc1 Bd3 0-1

[Event "Women's Speed Chess Q7"]
[Site "chess.com INT"]
[Date "2021.06.06"]
[Round "21"]
[White "Cyfka, Karina"]
[Black "Berend, Elvira"]
[Result "1/2-1/2"]
[WhiteTitle "IM"]
[BlackTitle "WGM"]
[WhiteElo "2417"]
[BlackElo "2326"]
[WhiteFideId "1122681"]
[BlackFideId "4000510"]
[EventDate "2021.06.06"]

1. e4 c5 2. Nf3 e6 3. d3 Nc6 4. Nbd2 Nf6 5. g3 d5 6. Bg2 dxe4 7. dxe4 Be7 8. O-O
O-O 9. c3 Rb8 10. Re1 Qc7 11. Qc2 Nd7 12. Nf1 b6 13. h4 Bb7 14. Bf4 Nde5 15.
N1h2 Rbd8 16. Rad1 Nxf3+ 17. Nxf3 e5 18. Be3 Bf6 19. Nh2 Bc8 20. Rd5 Be6 21. Rd2
Rxd2 22. Bxd2 Rd8 23. a3 Qd7 24. Be3 Qd3 25. Qxd3 Rxd3 26. Bf1 Rd8 27. Nf3 Na5
28. Nd2 h6 29. Bb5 Kf8 30. b4 cxb4 31. axb4 Nb3 32. Nc4 Rc8 33. Rb1 Bxc4 34.
Bxc4 Rxc4 35. Rxb3 Rxe4 36. Ra3 Rc4 37. Rxa7 Rxc3 38. Bxb6 e4 39. Bc5+ Ke8 40.
Kf1 Rb3 41. Ke2 Bc3 42. Re7+ Kd8 43. Rxe4 Bf6 44. Rc4 Kd7 45. f3 Ke6 46. h5 Kd5
47. Re4 Rb2+ 48. Kd3 Rb3+ 49. Ke2 Rb2+ 50. Kf1 Bc3 51. g4 Be5 52. Kg1 f6 53. Kf1
Rb3 54. Re2 Rxf3+ 55. Ke1 Rb3 56. Kd1 Rb1+ 57. Kc2 Rb2+ 58. Kd3 Rxe2 59. Kxe2
Ke4 60. Bf8 Kf4 61. Bxg7 Kxg4 62. Bxh6 Kxh5 63. Bf8 Kg4 64. Kd3 Bc7 65. b5 f5
66. Kc4 f4 67. Kd5 f3 68. Bc5 Ba5 69. Kc6 Kg3 70. b6 Bxb6 71. Kxb6 f2 72. Bxf2+ 1/2-1/2

[Event "Women's Speed Chess Q7"]
[Site "chess.com INT"]
[Date "2021.06.06"]
[Round "21"]
[White "Ambartsumova, Karina"]
[Black "Dauletova, Gulmira"]
[Result "1-0"]
[WhiteTitle "IM"]
[BlackTitle "WGM"]
[WhiteElo "2382"]
[BlackElo "2257"]
[WhiteFideId "4166299"]
[BlackFideId "13702971"]
[EventDate "2021.06.06"]

1. c4 e5 2. Nc3 Nf6 3. Nf3 Nc6 4. a3 d5 5. cxd5 Nxd5 6. Qc2 Nb6 7. e3 Be7 8. b4
a6 9. Bb2 O-O 10. Be2 Be6 11. O-O f6 12. Rfd1 Qe8 13. d4 exd4 14. Nxd4 Nxd4 15.
Rxd4 Rd8 16. Rad1 Qf7 17. Rxd8 Rxd8 18. Bd3 g6 19. Be4 c6 20. Rxd8+ Bxd8 21. Qd3
Qd7 22. Qxd7 Nxd7 23. Ne2 Kf7 24. Nd4 Bd5 25. Bxd5+ cxd5 26. Nf3 Nb6 27. Kf1 Nc4
28. Bc1 a5 29. bxa5 Bxa5 30. Ke2 Ke6 31. Kd3 Bb6 32. Kc2 Bc5 33. Kb3 b5 34. a4
bxa4+ 35. Kxa4 Ne5 36. Kb5 Bd6 37. Nd4+ Kd7 38. Bd2 Ng4 39. f3 Nxh2 40. Nc2 Nf1
41. Bc3 f5 42. Bd4 h6 43. Ne1 Ng3 44. Nd3 g5 45. Bg7 h5 46. Bf6 g4 47. Ka4 gxf3
48. gxf3 Nf1 49. Bg5 Ke6 50. Kb3 h4 51. Bxh4 Nxe3 52. Bf2 Nd1 53. Bd4 Bg3 54.
Kc2 Nf2 55. Nxf2 Bxf2 56. Bxf2 Ke5 57. Bg3+ f4 58. Bf2 Kf5 59. Kd3 Ke5 60. Bd4+
Kf5 61. Bc3 Kg5 62. Kd4 Kh4 63. Kxd5 Kg3 64. Ke4 Kh4 65. Kxf4 Kh5 66. Ke5 Kg6
67. f4 Kf7 68. f5 Ke7 69. f6+ Kf7 70. Kf5 Kf8 71. Kg6 Kg8 72. f7+ Kf8 73. Bb4# 1-0

[Event "Women's Speed Chess Q7"]
[Site "chess.com INT"]
[Date "2021.06.06"]
[Round "21"]
[White "Grineva, Marianna"]
[Black "Perez Rodriguez, Jennifer"]
[Result "1/2-1/2"]
[WhiteTitle "WFM"]
[BlackTitle "WIM"]
[WhiteElo "2029"]
[BlackElo "2251"]
[WhiteFideId "14102013"]
[BlackFideId "3507831"]
[EventDate "2021.06.06"]

1. e4 e5 2. f4 Nc6 3. Nf3 d6 4. Bc4 Nf6 5. d3 Be7 6. O-O O-O 7. Nc3 exf4 8. Bxf4
Be6 9. Bb3 Bxb3 10. axb3 Nd7 11. d4 Re8 12. Nd5 Bf8 13. Qd3 Ne7 14. Ne3 Ng6 15.
Bg3 Qe7 16. Nd5 Qd8 17. c3 c6 18. Ne3 Qe7 19. Nf5 Qxe4 20. Qxe4 Rxe4 21. Bxd6
Bxd6 22. Nxd6 Re2 23. Rf2 Rxf2 24. Kxf2 b6 25. Ng5 f6 26. Nge4 Kf8 27. Nc4 Ke7
28. b4 Nf4 29. Kf3 Nd5 30. Ng3 b5 31. Nd2 N7b6 32. Nb3 Nc4 33. Na5 Nxa5 34. Rxa5
g6 35. Ra6 Kd6 36. Ne4+ Kc7 37. Nc5 Nb6 38. Ra1 Nc4 39. Re1 Rd8 40. Re7+ Kc8 41.
Rxa7 Nxb2 42. Rxh7 Nd1 43. Rf7 Nxc3 44. Na6 Rxd4 45. Rxf6 Nd5 46. Rxc6+ Kb7 47.
Rxg6 Rd3+ 48. Ke4 Rd2 49. Nc5+ Kc7 50. Rg7+ Kd8 51. Ra7 Nc3+ 52. Ke5 Rd5+ 53.
Ke6 Rd2 54. Rb7 Re2+ 55. Kd6 Rd2+ 56. Kc6 Ke8 57. Rb8+ Kf7 58. g4 Rxh2 59. g5
Kg6 60. Rd8 Kxg5 61. Rd3 Ne2 62. Kxb5 Nf4 63. Rd6 Rh5 64. Kc6 Kg4 65. b5 Rh7 66.
b6 Ng6 67. b7 Ne5+ 68. Kb6 Nc4+ 69. Kc6 Nxd6 70. Kxd6 Rh6+ 71. Kc7 Rh7+ 72. Kc8
Rh8+ 73. Kc7 Rh7+ 74. Kb6 Rh6+ 75. Ka7 Rh5 76. Kb8 Rxc5 77. Ka8 Rg5 78. b8=Q
Ra5+ 79. Kb7 Rb5+ 80. Kc7 Rxb8 81. Kxb8 1/2-1/2

[Event "Women's Speed Chess Q7"]
[Site "chess.com INT"]
[Date "2021.06.06"]
[Round "21"]
[White "Dong, Khanh Linh"]
[Black "Kotepalli, Sai Nirupama"]
[Result "1-0"]
[WhiteTitle "WCM"]
[BlackTitle "WFM"]
[WhiteElo "1970"]
[BlackElo "1914"]
[WhiteFideId "12403040"]
[BlackFideId "5039444"]
[EventDate "2021.06.06"]

1. Nf3 g6 2. g3 Bg7 3. Bg2 e6 4. O-O Ne7 5. c4 d5 6. cxd5 exd5 7. Nc3 O-O 8. d3
c6 9. Bg5 Be6 10. Qc1 Nd7 11. Rb1 Nb6 12. b4 Qd7 13. Bh6 Nf5 14. Bxg7 Kxg7 15.
a4 d4 16. a5 Nd5 17. Nxd5 Bxd5 18. Qb2 Bxf3 19. Bxf3 h5 20. Rbc1 a6 21. Rc5 Rad8
22. Re1 Rfe8 23. Be4 Nh6 24. e3 Qh3 25. Bg2 Qg4 26. h3 Qc8 27. Rec1 Kg8 28. exd4
Qe6 29. d5 cxd5 30. b5 Nf5 31. bxa6 bxa6 32. Rc6 Qe2 33. Qxe2 Rxe2 34. Rxa6 Ra2
35. Ra7 Nd4 36. Re1 Nc6 37. Rc7 Nxa5 38. Ree7 Ra1+ 39. Kh2 Rf8 40. Bxd5 Kg7 41.
Rxf7+ Rxf7 42. Rxf7+ Kh6 43. Be4 Nb3 44. h4 Nc5 45. Rf6 Nxe4 46. dxe4 Re1 47.
Rf4 Re2 48. Kg2 g5 49. hxg5+ Kxg5 50. Kf3 Re1 51. Rf5+ Kg6 52. Rb5 Rc1 53. Kf4
Rc2 54. f3 Rg2 55. Rb6+ Kg7 56. e5 Re2 57. Kf5 Re3 58. Kf4 Re1 59. g4 h4 60.
Rb7+ Kg6 61. Rb6+ Kg7 62. Rb2 Rh1 63. g5 h3 64. Kg3 Rg1+ 65. Kxh3 Rxg5 66. f4
Rf5 67. Kg4 Rf8 68. Kg5 Re8 69. Rb7+ Kg8 70. Kf6 Rf8+ 71. Kg6 Rxf4 72. Rb8+ Rf8
73. Rxf8+ Kxf8 74. Kf6 Ke8 75. Ke6 Kd8 76. Kf7 1-0